| 000 | 00714cab a22002295a 4500 | ||
|---|---|---|---|
| 001 | L159742 | ||
| 008 | 171218e2016 xxk 000 0 eng d | ||
| 035 | _a(Sirsi) u159742 | ||
| 041 | 0 | _aeng | |
| 100 | 1 | _aKazmin, Amy | |
| 245 | 0 | 0 | _aMade in India |
| 260 | _c2016 | ||
| 490 |
_aModus _vSeptember 2016, 20-23 (4) |
||
| 520 | _aThe panel of gradutates, from the RICS School of Built Environment at Amity University, answers what opportunities await surveyors in the world's biggest democracy. | ||
| 650 | 2 | 4 | _aRECRUITMENT |
| 650 | 2 | 4 | _aSKILLS |
| 650 | 2 | 4 | _aWORKFORCE |
| 651 | 4 | _aIndia | |
| 690 | _aBusiness and management | ||
| 856 | 4 | 0 | _uhttps://issuu.com/ricsmodus/docs/modus_sep16_web_v2 |
| 942 | _n0 | ||
| 999 |
_c84953 _d84953 |
||